000 00951nas a2200313 4500
001 BR2015006876
003 BR-BrBNA
005 20231205125948.0
007 ta
008 230509b bl.|||p| |||| 00| 00por d
040 _aBR-BrBNA
_bpor
_cBiblioteca Nacional de Agricultura
041 _a(Pt)
072 _aF30; F02
100 1 _aPires, M.F.
100 1 _aCastro, E.M. de
100 1 _aMagalhães, P.C.
100 1 _aSilva Neta, I.C.
100 1 _aMonteiro, A.G.D.P.
245 1 _aEtileno e peróxiodo de hidrogênio na formação de aerênquima em milho tolerante a alagamento intermitente
650 _aZEA MAYS
650 _aMILHO
650 _aANATOMIA
650 _aENZIMA
650 _aGENETICA
650 _aCITOGENETICA VEGETAL
773 0 _tPesquisa Agropecuária Brasileira (Brazil)
_xISSN 0100-204X
_g(Sep 2015), v. 50(9) p. 779-787
_wBR2015006876
909 _a202311
_bLúcia
_c55
_dLúcia Elande
942 _2AGRIS
_n0
_cANA
999 _c247134
_d247134